00225nam a2200097Ia 4500008004100000100001600041245002500057250001300082260002400095650000800119191201s2010 xx 000 0 und d aMUKHERJEE,A 0aFinancial Accounting a10th Rep aN. delhibMGHc2010 aBBA